| 000 | 00445nas a2200145 a 4500 | ||
|---|---|---|---|
| 008 | 080915c20089999||||||||||||||||| || u | ||
| 050 | _aIBRD(05)DO | ||
| 110 | _aWorld Bank | ||
| 245 | 1 | 0 | _aDevelopment Outreach: climate change: low carbon economies: resilient societies |
| 260 |
_aWashington, D. C. _bWorld Bank _c2008 |
||
| 300 | _a51p. ill | ||
| 350 | _a0.00 | ||
| 362 | 1 | _aVol. 10, No. 1, April 2008 | |
| 650 | _aCLIMATIC CHANGES--PERIODICALS | ||
| 999 |
_c40016 _d40016 |
||